000 00394pab a2200145 454500
008 180718b2002 xxu||||| |||| 00| 0 eng d
100 _aRam Singh
245 _aImplementation of intellectual property rights regime: the justification question
260 _c2002
300 _ap.61-82.
362 _aJan-Feb
650 _aIntellectual property
773 _aSocial Scientist
909 _a52411
999 _c52411
_d52411